Active NBA Coaches With Most Postseason Wins - Statistics

General Stats
  • This quiz has been taken 7 times
  • The average score is 6 of 10
Answer Stats
Wins Coach % Correct
104 Steve Kerr
100%
114 Doc Rivers
83%
110 Erik Spoelstra
83%
86 Rick Carlisle
67%
31 Jason Kidd
50%
33 Joe Mazzulla
50%
50 Mike Brown
50%
27 Nick Nurse
50%
23 Quin Snyder
33%
57 Tyronn Lue
33%
No matching quizzes found
Score Distribution
Percent of People with Each Score
Percentile by Number Answered
Your Score History
You have not taken this quiz